00542nam a22001697a 450000500170000001000130001702000140003003500120004403700160005608200110007210000450008324500710012824600390019926000550023827000580029330000210035120220714121401.0 aUR-11649 a c200.00 aU-10204 bDBAD/PUBa- a841.08 aادروی ، ایم ۔ اے ۔ ساغر aکہکشا ں /cایم ۔ اے۔ ساغر ادرویhا ر د و aKahkashan /bby M.A. Saghar Adravi aNew DelhibEducational Publishing Housec2019 ء  aH.o. D1/16, Ansari Road, DaryaganjbNew Delhie110002 a196 صc23cm(Hb)